000 00782nam a22002777a 4500
001 0026901
003 KOHA_MİRAKIL
005 20260207002541.0
007 ta
008 101213b2010 tu |||gr||||#0|||1|tur |
020 _a9756325518
040 _aTR-BiSEU
_btur
_cTR-BiSEU
_erda
041 0 _atur
044 _ctu
050 _aPE1130
_b.K81 2010
100 0 _aBoztaş,İsmail.
245 1 _aİngilizce Test Kılavuzu/
_cBoztaş,İsmail ; İsmail Boztaş, Ahmet Kocaman.
264 1 _aAnkara :
_bSiyasal
_c2010
300 _a570 s.
336 _ametin
_btxt
_2rdacontent
337 _aaracısız
_bn
_2rdamedia
338 _acilt
_bnc
_2rdacarrier
650 0 _aEnglish language--Textbooks for foreign speakers--Turkish.
_93457
907 _aDil
942 _2lcc
_cBK
999 _c26837
_d26837